<?xml version="1.0" encoding="UTF-8"?>
<collection xmlns="http://www.loc.gov/MARC21/slim">
  <record>
    <leader>00000nam  2200000   4500</leader>
    <controlfield tag="001">INLIS000000000015950</controlfield>
    <controlfield tag="005">20231003015300</controlfield>
    <datafield tag="035" ind1="#" ind2="#">
      <subfield code="a">0010-1023000032</subfield>
    </datafield>
    <controlfield tag="007">ta</controlfield>
    <controlfield tag="008">231003################|##########|#|##</controlfield>
    <datafield tag="084" ind1="#" ind2="#">
      <subfield code="a">R 86 PIM I 2022</subfield>
    </datafield>
    <datafield tag="100" ind1=" " ind2="#">
      <subfield code="a">Rubintoro Suhada</subfield>
    </datafield>
    <datafield tag="245" ind1="1" ind2="#">
      <subfield code="a">Akselerasi Sebagai Momentum Penanganan Tindakan Dengan Tepat dan Cepat Pada Badan Intelijen Negara (Studi Kasus DKI Jakarta) /</subfield>
      <subfield code="c">Rubintoro Suhada</subfield>
    </datafield>
    <datafield tag="250" ind1="#" ind2="#">
      <subfield code="a">1</subfield>
    </datafield>
    <datafield tag="260" ind1="#" ind2="#">
      <subfield code="a">Jakarta :</subfield>
      <subfield code="b">Pusbangkom Pimnas dan Manajerial ASN,</subfield>
      <subfield code="c">2022</subfield>
    </datafield>
    <datafield tag="300" ind1="#" ind2="#">
      <subfield code="a">53 halaman :</subfield>
      <subfield code="b">ilus ;</subfield>
      <subfield code="c">30 cm</subfield>
    </datafield>
    <datafield tag="520" ind1="#" ind2="#">
      <subfield code="a">Pada Era Disrupsi ini, yaitu perubahan yang masif, perubahan yang cepat dengan pola yang sulit ditebak (volatility), perubahan yang cepat menyebabkan ketidakpastian (uncertainty), terjadinya kompleksitas hubungan antar faktor penyebab perubahan di mana timbulnya perubahan yang begitu cepat sebagai akibat dari era teknologi dan informasi hingga mengakibatkan munculnya permasalahan komplek khususnya dalam pelaksanaan tugas Inteligen Negara sehingga memerlukan tindakan yang tepat dan cepat untuk menanganinya.</subfield>
    </datafield>
    <datafield tag="650" ind1="#" ind2="4">
      <subfield code="a">Kesejahteraan Sosial, Permasalahan dan Layanan Sosial</subfield>
    </datafield>
    <datafield tag="990" ind1="#" ind2="#">
      <subfield code="a">86</subfield>
    </datafield>
  </record>
</collection>
